Alltagssprache Deutsch 30 moderních konverzačních témat /Fraus/

Gespeichert in:
Bibliographische Detailangaben
1. Verfasser: Nekovářová, Alena
Weitere Verfasser: Fliegler, Dominique
Format: Buch
Sprache:Deutsch
Veröffentlicht: Plzeň Fraus 2003
Schlagworte:
Tags: Tag hinzufügen
Keine Tags, Fügen Sie das erste Tag hinzu!

MARC

LEADER 00000nam$a2200000$$$4500
001 0041546
005 20240226134000.7
020 |a 80-7238-143-1 
041 0 |a ger 
044 |a CZ 
245 1 0 |a Alltagssprache Deutsch  |b 30 moderních konverzačních témat /Fraus/  |c Alena Nekovářová, Dominique Fliegler 
264 1 |a Plzeň  |b Fraus  |c 2003 
300 |a 311 s. 
610 2 0 |a jazykoveda 
610 2 0 |a terminológia 
610 2 0 |a jazyky cudzie 
100 1 |a Nekovářová, Alena 
700 1 |a Fliegler, Dominique